banner koha

Metabolismo e distribuição do flúor em ovinos jovens tratados cronicamente com fluoreto de sódio (Registro n. 225325)

MARC details
000 -LÍDER
campo de controle de tamanho fixo 01074nas a2200349 4500
001 - NÚMERO DE CONTROLE
campo de controle BR2013000435
003 - IDENTIFICADOR DO NÚMERO DE CONTROLE
campo de controle BR-BrBNA
005 - DATA E HORÁRIO DA ÚLTIMA TRANSAÇÃO
campo de controle 20231205121813.0
007 - CAMPO FIXO DE DESCRIÇÃO FÍSICA--INFORMAÇÃO GERAL
campo de controle de tamanho fixo ta
008 - CAMPO DE DADOS FIXOS--INFORMAÇÃO GERAL
campo de controle de tamanho fixo 230509b bl.|||p| |||| 00| 00por d
040 ## - FONTE DA CATALOGAÇÃO
Instituição da catalogação original BR-BrBNA
Idioma da catalogação por
Instituição que transcreveu o registro Biblioteca Nacional de Agricultura
041 ## - CÓDIGO DE IDIOMA
Código do idioma do texto/trilha sonora ou título diferente (Pt)
072 ## - CÓDIGO DE CATEGORIA DE ASSUNTO
Código de Categoria de Assunto L50
100 1# - ENTRADA PRINCIPAL--NOME PESSOAL
Nome pessoal Filappi, A.R.
100 1# - ENTRADA PRINCIPAL--NOME PESSOAL
Nome pessoal Prestes, D.S.
100 1# - ENTRADA PRINCIPAL--NOME PESSOAL
Nome pessoal Antes, F.G.
100 1# - ENTRADA PRINCIPAL--NOME PESSOAL
Nome pessoal Flores, E.L.M.
100 1# - ENTRADA PRINCIPAL--NOME PESSOAL
Nome pessoal Dressier, V.L.
100 1# - ENTRADA PRINCIPAL--NOME PESSOAL
Nome pessoal Flores, E.M.M.
100 1# - ENTRADA PRINCIPAL--NOME PESSOAL
Nome pessoal Cecim, M.
245 1# - TÍTULO
Título Metabolismo e distribuição do flúor em ovinos jovens tratados cronicamente com fluoreto de sódio
246 1# - FORMA VARIANTE DO TÍTULO
Título/título abreviado Metabolism and distribution of fluor in lambs chronically treated with sodium fluoride
650 ## - ASSUNTO--TERMO TÓPICO
Cabeçalho tópico ou nome geográfico OVINO
650 ## - ASSUNTO--TERMO TÓPICO
Cabeçalho tópico ou nome geográfico METABOLISMO ANIMAL
650 ## - ASSUNTO--TERMO TÓPICO
Cabeçalho tópico ou nome geográfico FLÚOR
650 ## - ASSUNTO--TERMO TÓPICO
Cabeçalho tópico ou nome geográfico SÓDIO
650 ## - ASSUNTO--TERMO TÓPICO
Cabeçalho tópico ou nome geográfico OSSO
650 ## - ASSUNTO--TERMO TÓPICO
Cabeçalho tópico ou nome geográfico URINA
773 0# - ENTRADA ANALÍTICA
Título Pesquisa Veterinária Brasileira (Brazil)
ISSN - International Standard Serial Number ISSN 0100-736X
Partes relacionadas (Feb 2008), v. 28(2) p. 124-128
Número de controle do registro BR2013000435
909 ## -
-- 202311
-- Lúcia
-- 55
-- Lúcia Elande
942 ## - ELEMENTOS DE ENTRADA ADICIONADOS (KOHA)
Fonte da classificação ou esquema de arquivamento na estante Classificação AGRIS
Ocultar no OPAC Não
Tipo de material Koha Analítica
Exemplares
Situação do descarte Fonte da classificação ou esquema de arquivamento na estante Situação física Não pode ser emprestado Biblioteca de origem Biblioteca atual Localização na estante Enumeração do periódico / cronologia Total de empréstimos Data de último acesso Número do exemplar Tipo de material Koha Fonte de aquisição
  Classificação AGRIS   Consulta local Biblioteca Nacional de Agricultura - Binagri Biblioteca Nacional de Agricultura - Binagri   (Feb 2008), v. 28(2) p. 124-128   29/11/2023 01 Periódicos Portaria Interministerial nº 164/94

BINAGRI

Telefone: (61)3218-2567/2388/3357/2097 - binagri@agro.gov.br

Ministério da Agricultura e Pecuária , Esplanada dos Ministérios, Bloco D, Anexo B, Brasília/DF, CEP: 70.043-900